000 00270nam a22001217a 4500
003 SGT
082 _a616.995
_bA12S
100 _aSAHN,STEVEN A
245 _aACUTE EXACERBATION OF RESPIRATORY DISEASES
260 _aINDIA
_bJAYPEE
_c2012
300 _a196
942 _2ddc
_cBK
999 _c14329
_d14329